[Event "Sofia Accedia op"]
[Site "Sofia"]
[Date "2023.03.25"]
[Round "2"]
[White "Mircheva, Nona"]
[Black "Stojanov, Svetlin"]
[Result "0-1"]
[WhiteElo "1682"]
[BlackElo "2270"]
[PlyCount "100"]
[EventDate "2023.03.25"]
[EventType "swiss"]
[EventRounds "9"]
[EventCountry "BUL"]
[SourceTitle "CBM 213 Extra"]
[Source "ChessBase"]
[SourceDate "2023.05.31"]
[SourceVersion "1"]
[SourceVersionDate "2023.05.31"]
[SourceQuality "1"]

1. e4 d6 2. Nf3 Nf6 3. Nc3 e5 4. Bc4 Be7 5. 0-0 0-0 6. h3 c6 7. Re1 d5 8. Bd3 d4 9. Ne2 Nbd7 10. Ng3 Re8 11. Bc4 h6 12. d3 Bf8 13. Nh2 b5 14. Bb3 Nc5 15. Nf5 a5 16. a4 Nxb3 17. cxb3 Kh7 18. Bd2 Bxf5 19. exf5 e4 20. dxe4 Nxe4 21. Nf3 d3 22. Bc3 Bc5 23. Rf1 b4 24. Be1 Qd5 25. Nd2 Ng3 26. Nc4 Qxf5 27. Qf3 Qxf3 28. gxf3 Rad8 29. Rd1 Rd5 30. Kg2 Nxf1 31. Kxf1 Ba7 32. Bd2 Re6 33. Be3 Bxe3 34. Nxe3 Rd7 35. Ke1 Re5 36. Kd2 Rh5 37. Rc1 Rd6 38. Nc4 Rdd5 39. Ne3 Rc5 40. Rh1 Rhe5 41. Kxd3 f5 42. Rg1 g6 43. f4 Re4 44. Nc4 Rxf4 45. Ne5 Rxf2 46. Nxg6 Kg7 47. Nh4+ Kf7 48. Ke3 Rxb2 49. Nf3 Rxb3+ 50. Kd2 Rxf3 0-1

[Event "Sofia Accedia op"]
[Site "Sofia"]
[Date "2023.03.25"]
[Round "7"]
[White "Stojanov, Svetlin"]
[Black "Georgiev, Steljan"]
[Result "1-0"]
[WhiteElo "2270"]
[BlackElo "2171"]
[PlyCount "92"]
[EventDate "2023.03.25"]
[EventType "swiss"]
[EventRounds "9"]
[EventCountry "BUL"]
[SourceTitle "CBM 213 Extra"]
[Source "ChessBase"]
[SourceDate "2023.05.31"]
[SourceVersion "1"]
[SourceVersionDate "2023.05.31"]
[SourceQuality "1"]

1. Nf3 a6 2. e4 d6 3. d4 Nd7 4. c4 e5 5. Nc3 c6 6. Be2 Ngf6 7. 0-0 Be7 8. Re1 Qc7 9. Be3 0-0 10. d5 Re8 11. Nd2 Qb8 12. b4 cxd5 13. cxd5 Bd8 14. Qb3 Bb6 15. Bxb6 Nxb6 16. a4 Bd7 17. a5 Nc8 18. Nc4 Qa7 19. Bf3 Re7 20. Rac1 Ne8 21. h3 g6 22. Na4 Bxa4 23. Qxa4 f5 24. Qb3 fxe4 25. Bg4 Qb8 26. Bxc8 Qxc8 27. Nxd6 Nxd6 28. Rxc8+ Rxc8 29. Re2 Rc4 30. Rc2 Rd4 31. Rc5 Kg7 32. Qc3 Nb5 33. Qe1 Rd7 34. Kh2 Nd6 35. Qc3 Nb5 36. Qg3 R4xd5 37. Qg4 h5 38. Rxd5 Rxd5 39. Qc8 Kh6 40. Qh8+ Kg5 41. g3 Kf5 42. Qc8+ Kg5 43. Qxb7 Rd2 44. Kg1 Nd4 45. Qxe4 Re2 46. Qd5 Kh6 1-0

[Event "Sofia Accedia op"]
[Site "Sofia"]
[Date "2023.03.25"]
[Round "9"]
[White "Stojanov, Svetlin"]
[Black "Modler, Andreas"]
[Result "1/2-1/2"]
[WhiteElo "2270"]
[BlackElo "2242"]
[PlyCount "115"]
[EventDate "2023.03.25"]
[EventType "swiss"]
[EventRounds "9"]
[EventCountry "BUL"]
[SourceTitle "CBM 213 Extra"]
[Source "ChessBase"]
[SourceDate "2023.05.31"]
[SourceVersion "1"]
[SourceVersionDate "2023.05.31"]
[SourceQuality "1"]

1. Nf3 c5 2. c4 Nc6 3. d4 cxd4 4. Nxd4 e6 5. Nc3 a6 6. g3 Qc7 7. Bg2 Nf6 8. 0-0 d6 9. b3 Bd7 10. Bb2 Be7 11. Rc1 Nxd4 12. Qxd4 0-0 13. Rfd1 Rfd8 14. e4 Rac8 15. Ba3 Be8 16. Qe3 Bf8 17. Qe2 b6 18. f4 Qb8 19. h3 Bc6 20. Kh2 h6 21. Rd2 b5 22. cxb5 axb5 23. Bb4 Qb7 24. Rcd1 Ne8 25. a3 Qb6 26. Qf2 Qb7 27. Qe2 Ra8 28. Qf2 Rdc8 29. Qd4 Be7 30. Qe3 Bf8 31. Ne2 Qa7 32. Qxa7 Rxa7 33. Nd4 Bd7 34. Bf1 Rb7 35. Rc2 e5 36. Rxc8 Bxc8 37. Nxb5 exf4 38. gxf4 Be6 39. Bc4 Bxc4 40. bxc4 Rb6 41. a4 Ra6 42. a5 f6 43. Kg2 g6 44. Kf3 Kf7 45. Nc3 d5 46. Nxd5 Bxb4 47. Nxb4 Rxa5 48. Rd7+ Ke6 49. Rd3 Rc5 50. Rc3 Nd6 51. Nd3 Rxc4 52. Rxc4 Nxc4 53. h4 h5 54. Nf2 Kd6 55. Nd3 Ke6 56. Nf2 Kd6 57. Nd3 Ke6 58. Nf2 1/2-1/2

[Event "BUL-chT-B Group qual final"]
[Site "Sofia"]
[Date "2010.02.21"]
[Round "1.1"]
[White "Mollaoglu, Ergin"]
[Black "Stojanov, Svetlin"]
[Result "1-0"]
[WhiteElo "2392"]
[BlackElo "2312"]
[PlyCount "72"]
[EventDate "2010.02.21"]
[EventType "team-match"]
[EventRounds "1"]
[EventCountry "BUL"]
[SourceTitle "CBM 135 Extra"]
[Source "ChessBase"]
[SourceDate "2010.05.04"]
[SourceVersion "1"]
[SourceVersionDate "2010.05.04"]
[SourceQuality "1"]
[WhiteTeam "Lovech"]
[BlackTeam "Dobrich Albena"]
[WhiteTeamCountry "BUL"]
[BlackTeamCountry "BUL"]

1. d4 Nf6 2. c4 d6 3. Nf3 g6 4. Nc3 Bf5 5. Ng5 h6 6. e4 Bg4 7. Nf3 e5 8. d5 Nfd7 9. Be2 Bxf3 10. Bxf3 Be7 11. 0-0 h5 12. b4 a5 13. bxa5 Rxa5 14. a4 b6 15. Nb5 Ra8 16. Bd2 0-0 17. Ra3 h4 18. Bg4 Nc5 19. Qc2 Nba6 20. a5 bxa5 21. Bxa5 Bg5 22. Rfa1 Qe7 23. Bc3 Rfb8 24. Qe2 Qd8 25. g3 Qe7 26. Kg2 Kh7 27. Bh3 Bf6 28. Qg4 Kg7 29. Bd2 Rb6 30. Ba5 Rbb8 31. Bb4 Qd8 32. Bd2 Rb6 33. Rf3 Qe7 34. Rxf6 Qxf6 35. Bg5 Nxe4 36. Bxf6+ Nxf6 1-0

[Event "BUL-chT-B Group qual B"]
[Site "Sofia"]
[Date "2010.02.20"]
[Round "2.1"]
[White "Stavrev, Valeri"]
[Black "Stojanov, Svetlin"]
[Result "0-1"]
[WhiteElo "1996"]
[BlackElo "2312"]
[PlyCount "74"]
[EventDate "2010.02.19"]
[EventType "team-tourn"]
[EventRounds "4"]
[EventCountry "BUL"]
[SourceTitle "CBM 135 Extra"]
[Source "ChessBase"]
[SourceDate "2010.05.04"]
[SourceVersion "1"]
[SourceVersionDate "2010.05.04"]
[SourceQuality "1"]
[WhiteTeam "Slivnitsa Geroy"]
[BlackTeam "Dobrich Energiya 21"]
[WhiteTeamCountry "BUL"]
[BlackTeamCountry "BUL"]

1. d4 d6 2. e4 Nf6 3. Nd2 e5 4. c3 Qe7 5. d5 g6 6. Ngf3 Bh6 7. Bd3 0-0 8. Nc4 Bxc1 9. Rxc1 Nh5 10. g3 f5 11. 0-0 f4 12. Ne1 Bh3 13. g4 Ng7 14. f3 Bxf1 15. Bxf1 Nd7 16. Nd3 g5 17. Rc2 Rfd8 18. Rd2 Ne8 19. b4 Kg7 20. a4 Nf8 21. b5 a6 22. bxa6 Rxa6 23. a5 Rda8 24. Qb3 R6a7 25. Nb4 Rxa5 26. Nxa5 Rxa5 27. Ra2 Rxa2 28. Nxa2 c5 29. dxc6 bxc6 30. Qa4 Nf6 31. Nb4 d5 32. Qxc6 dxe4 33. fxe4 Qa7+ 34. Kg2 Nxg4 35. Kh3 h5 36. Nd5 Qf2 37. Qc7+ Kh8 0-1

[Event "Dimitrovgrad op 1st"]
[Site "Dimitrovgrad"]
[Date "2009.09.06"]
[Round "5"]
[White "Panaiotov, Janko"]
[Black "Stojanov, Svetlin"]
[Result "1/2-1/2"]
[WhiteElo "2211"]
[BlackElo "2312"]
[PlyCount "68"]
[EventDate "2009.09.05"]
[EventType "swiss"]
[EventRounds "7"]
[EventCountry "BUL"]
[SourceTitle "CBM 132 Extra"]
[Source "ChessBase"]
[SourceDate "2009.11.03"]
[SourceVersion "1"]
[SourceVersionDate "2009.11.03"]
[SourceQuality "1"]

1. e4 d6 2. d4 Nf6 3. Nc3 e5 4. Nf3 Nbd7 5. Bc4 Be7 6. 0-0 0-0 7. Re1 c6 8. a4 b6 9. d5 cxd5 10. Nxd5 Bb7 11. b3 Rc8 12. Re2 Nxd5 13. Bxd5 Bxd5 14. Qxd5 Nf6 15. Qd2 Qc7 16. c4 Qc6 17. Qd3 Nd7 18. Ba3 Nc5 19. Qe3 h6 20. Rd1 Rcd8 21. Rd5 a5 22. Bxc5 bxc5 23. Qc3 Rb8 24. Rb2 Rb4 25. Ne1 Qc7 26. Nc2 Rbb8 27. Na3 Qb6 28. Nb5 Rbd8 29. Rbd2 Rfe8 30. R2d3 Bf8 31. Qd2 Re6 32. Rf3 Rg6 33. h3 Re8 34. Rfd3 Ree6 1/2-1/2

[Event "Dimitrovgrad op 1st"]
[Site "Dimitrovgrad"]
[Date "2009.09.06"]
[Round "6"]
[White "Stojanov, Svetlin"]
[Black "Arnaudov, Petar G"]
[Result "1-0"]
[WhiteElo "2312"]
[BlackElo "2443"]
[PlyCount "57"]
[EventDate "2009.09.05"]
[EventType "swiss"]
[EventRounds "7"]
[EventCountry "BUL"]
[SourceTitle "CBM 132 Extra"]
[Source "ChessBase"]
[SourceDate "2009.11.03"]
[SourceVersion "1"]
[SourceVersionDate "2009.11.03"]
[SourceQuality "1"]

1. Nf3 Nf6 2. c4 e6 3. Nc3 Bb4 4. Qc2 Nc6 5. a3 Bxc3 6. Qxc3 a5 7. b3 d6 8. Bb2 e5 9. e3 Bg4 10. d3 Bxf3 11. gxf3 Nd7 12. h4 0-0 13. 0-0-0 Qf6 14. f4 Qh6 15. fxe5 dxe5 16. Kb1 Nc5 17. Bg2 Rfd8 18. Rhg1 f6 19. d4 exd4 20. exd4 Qh5 21. Bd5+ Rxd5 22. cxd5 Ne4 23. Qc2 Qxd5 24. Qc4 Ne7 25. Qxc7 Qxb3 26. Rxg7+ Kxg7 27. Qxe7+ Kg8 28. Rc1 Qf3 29. Rg1+ 1-0

[Event "Dimitrovgrad op 1st"]
[Site "Dimitrovgrad"]
[Date "2009.09.05"]
[Round "3"]
[White "Kostadinov, Rumen"]
[Black "Stojanov, Svetlin"]
[Result "1/2-1/2"]
[WhiteElo "2192"]
[BlackElo "2312"]
[PlyCount "78"]
[EventDate "2009.09.05"]
[EventType "swiss"]
[EventRounds "7"]
[EventCountry "BUL"]
[SourceTitle "CBM 132 Extra"]
[Source "ChessBase"]
[SourceDate "2009.11.03"]
[SourceVersion "1"]
[SourceVersionDate "2009.11.03"]
[SourceQuality "1"]

1. c4 g6 2. Nc3 Bg7 3. g3 c5 4. Bg2 Nc6 5. e4 d6 6. Nge2 e6 7. 0-0 Nge7 8. d3 0-0 9. Rb1 Rb8 10. a3 b6 11. b4 Bb7 12. Bg5 h6 13. Bf4 Ne5 14. h3 f5 15. Qd2 Kh7 16. Bxe5 Bxe5 17. d4 cxd4 18. Nxd4 Bxd4 19. Qxd4 Nc6 20. Qe3 Ne5 21. c5 fxe4 22. Nxe4 Bxe4 23. Qxe4 bxc5 24. bxc5 Qc7 25. cxd6 Qxd6 26. Rbd1 Qc7 27. Kh2 Rbd8 28. Rc1 Qa5 29. f4 Nf7 30. Rf2 Qxa3 31. Rc7 Qd6 32. Qb7 Kg7 33. Qxa7 Qd4 34. Re2 Qxa7 35. Rxa7 Kf6 36. h4 h5 37. Bh3 Rd6 38. Ra3 Rb8 39. Rae3 Rbb6 1/2-1/2

[Event "BUL-chT2"]
[Site "Sunny Beach"]
[Date "2009.06.12"]
[Round "5.1"]
[White "Stojanov, Svetlin"]
[Black "Mishev, Liubomir"]
[Result "1/2-1/2"]
[WhiteElo "2321"]
[BlackElo "2250"]
[PlyCount "65"]
[EventDate "2009.06.08"]
[EventType "team-swiss"]
[EventRounds "7"]
[EventCountry "BUL"]
[SourceTitle "CBM 130 Extra"]
[Source "ChessBase"]
[SourceDate "2009.07.02"]
[SourceVersion "2"]
[SourceVersionDate "2009.07.15"]
[SourceQuality "1"]

1. c4 c5 2. Nc3 b6 3. Nf3 Bb7 4. e4 d6 5. d4 cxd4 6. Nxd4 Nf6 7. Bd3 e6 8. Qe2 Nbd7 9. 0-0 a6 10. b3 Be7 11. Bb2 0-0 12. Rae1 Qc7 13. Kh1 Qc5 14. Na4 Qc7 15. Nc3 Qc5 16. Na4 Qh5 17. Qxh5 Nxh5 18. Bb1 g6 19. f3 Rab8 20. Rd1 Rfd8 21. Rfe1 Ba8 22. Nc3 Nc5 23. Kg1 Nf4 24. g3 Nh5 25. Kf2 Rf8 26. Bc1 e5 27. Nde2 f5 28. exf5 gxf5 29. Nd5 Bxd5 30. Rxd5 Nf6 31. Rdd1 Nfd7 32. Bh6 Rf7 33. f4 1/2-1/2

[Event "BUL-chT 58th"]
[Site "Borovetz"]
[Date "2008.10.03"]
[Round "3"]
[White "Bratanov, Zsivko"]
[Black "Stojanov, Svetlin"]
[Result "1/2-1/2"]
[WhiteElo "2467"]
[BlackElo "2312"]
[PlyCount "43"]
[EventDate "2008.10.01"]
[EventType "team-tourn"]
[EventRounds "7"]
[EventCountry "BUL"]
[SourceTitle "CBM 126 Extra"]
[Source "ChessBase"]
[SourceDate "2008.11.05"]
[SourceVersion "1"]
[SourceVersionDate "2008.11.05"]
[SourceQuality "1"]
[WhiteTeam "Plovdiv Lokomotiv 2000"]
[BlackTeam "Tarnovo Bulmex"]
[WhiteTeamCountry "BUL"]
[BlackTeamCountry "BUL"]

1. d4 Nf6 2. c4 c6 3. Nc3 d5 4. Nf3 a6 5. cxd5 cxd5 6. Bg5 e6 7. e3 Be7 8. Bd3 h6 9. Bf4 Nc6 10. h3 Bd7 11. 0-0 0-0 12. a3 Rc8 13. e4 dxe4 14. Nxe4 Nxe4 15. Bxe4 Re8 16. d5 exd5 17. Bxd5 Bf6 18. Qb3 Be6 19. Bxe6 Rxe6 20. Qxb7 Na5 21. Qb4 Rc4 22. Rfd1 1/2-1/2

[Event "BUL-chT 58th"]
[Site "Borovetz"]
[Date "2008.10.02"]
[Round "2"]
[White "Stojanov, Svetlin"]
[Black "Filev, Georgi"]
[Result "1/2-1/2"]
[WhiteElo "2312"]
[BlackElo "2375"]
[PlyCount "111"]
[EventDate "2008.10.01"]
[EventType "team-tourn"]
[EventRounds "7"]
[EventCountry "BUL"]
[SourceTitle "CBM 126 Extra"]
[Source "ChessBase"]
[SourceDate "2008.11.05"]
[SourceVersion "1"]
[SourceVersionDate "2008.11.05"]
[SourceQuality "1"]
[WhiteTeam "Tarnovo Bulmex"]
[BlackTeam "Sofia CSKA"]
[WhiteTeamCountry "BUL"]
[BlackTeamCountry "BUL"]

1. c4 e6 2. Nf3 d5 3. d4 c5 4. cxd5 exd5 5. Nc3 Nc6 6. e3 Nf6 7. Be2 Bd6 8. 0-0 0-0 9. Nb5 Be7 10. dxc5 Bxc5 11. a3 a6 12. Nbd4 Re8 13. b4 Bd6 14. Bb2 Bd7 15. Rc1 Rc8 16. Nxc6 Bxc6 17. Nd4 Bd7 18. Rxc8 Bxc8 19. Bf3 Be5 20. Qc2 Qd6 21. g3 Bd7 22. Rc1 h5 23. Ne2 Rc8 24. Qd2 Rxc1+ 25. Qxc1 Bg4 26. Bxe5 Qxe5 27. Nd4 Bxf3 28. Nxf3 Qf5 29. Nd4 Qd7 30. f3 g6 31. Qc2 Ne8 32. Qc5 Nc7 33. Qb6 Ne6 34. Nxe6 fxe6 35. Qd4 Qc6 36. Qf6 Qc1+ 37. Kg2 Qd2+ 38. Kh3 Qxe3 39. Qxg6+ Kf8 40. Qxh5 d4 41. Qc5+ Kf7 42. Kg4 b5 43. h4 Qc3 44. Qh5+ Ke7 45. Qg5+ Kf7 46. Qh5+ Ke7 47. Qh7+ Kd6 48. Qg7 Qc4 49. Qf8+ Kd7 50. Qf7+ Kd6 51. Qf4+ e5 52. Qf8+ Kd7 53. Qg7+ Kd6 54. Qf8+ Kd7 55. Qg7+ Kd6 56. Qf8+ 1/2-1/2

[Event "Oberliga Sued W 0506"]
[Site "Germany"]
[Date "2005.10.23"]
[Round "1.3"]
[White "Klein, Joachim"]
[Black "Stojanov, Svetlin"]
[Result "0-1"]
[WhiteElo "2225"]
[BlackElo "2317"]
[PlyCount "76"]
[EventDate "2005.10.23"]
[EventType "team-tourn"]
[EventRounds "9"]
[EventCountry "GER"]
[SourceTitle "EXT 2007"]
[Source "ChessBase"]
[SourceDate "2006.11.23"]
[SourceVersion "1"]
[SourceVersionDate "2006.11.23"]
[SourceQuality "1"]
[WhiteTeam "Illingen"]
[BlackTeam "Bad Bergzabern"]
[WhiteTeamCountry "GER"]
[BlackTeamCountry "GER"]

1. e4 d6 2. d4 Nf6 3. Nc3 e5 4. Nge2 c6 5. g3 b5 6. a3 Nbd7 7. Bg2 Bb7 8. 0-0 Be7 9. h3 0-0 10. Be3 Qc7 11. g4 h6 12. Ng3 Rfe8 13. h4 Nh7 14. Nf5 Ndf8 15. d5 Ng6 16. h5 Nf4 17. Bxf4 exf4 18. e5 Rad8 19. Ne4 dxe5 20. d6 Bxd6 21. Nexd6 Re6 22. Qe2 Rdxd6 23. Nxd6 Qxd6 24. Rfd1 Qe7 25. Be4 Ng5 26. Bf5 e4 27. Kf1 Nf3 28. Bxe6 Qxe6 29. Rd8+ Kh7 30. Re1 Ng5 31. Qd1 Bc8 32. Rf8 Qc4+ 33. Kg2 Qe6 34. f3 Nxf3 35. Rxe4 Qxg4+ 36. Kf2 Qg3+ 37. Ke2 Bg4 38. Rxf4 Nd4+ 0-1

[Event "Oberliga Sued W 0405"]
[Site "Germany"]
[Date "2005.03.13"]
[Round "8.2"]
[White "Stojanov, Svetlin"]
[Black "Helbig, Mark"]
[Result "0-1"]
[WhiteElo "2328"]
[BlackElo "2349"]
[PlyCount "60"]
[EventDate "2004.10.03"]
[EventType "team-tourn"]
[EventRounds "9"]
[EventCountry "GER"]
[SourceTitle "EXT 2009"]
[Source "ChessBase"]
[SourceDate "2008.11.26"]
[SourceVersion "1"]
[SourceVersionDate "2008.11.26"]
[SourceQuality "1"]
[WhiteTeam "Bad Bergzabern"]
[BlackTeam "Mutterstadt"]
[WhiteTeamCountry "GER"]
[BlackTeamCountry "GER"]

1. d4 g6 2. e4 Bg7 3. Nf3 c6 4. c4 d5 5. cxd5 cxd5 6. e5 Bg4 7. Bb5+ Nc6 8. Bxc6+ bxc6 9. Qa4 Bxf3 10. gxf3 Qb6 11. Nd2 Nh6 12. Nb3 Nf5 13. Be3 0-0 14. Rc1 Rac8 15. Ke2 f6 16. f4 g5 17. e6 Nxe3 18. fxe3 gxf4 19. exf4 f5 20. Kf3 Kh8 21. Rc2 Rf6 22. Nc5 Rh6 23. Rg1 Rg8 24. Rg3 Qd8 25. Qxc6 Bxd4 26. Rd2 Rxg3+ 27. hxg3 Qg8 28. Rxd4 Qg4+ 29. Ke3 Qxg3+ 30. Kd2 Rh2+ 0-1

[Event "Oberliga Sued W 0405"]
[Site "Germany"]
[Date "2005.01.16"]
[Round "5.3"]
[White "Stojanov, Svetlin"]
[Black "Konrad, Lutz"]
[Result "0-1"]
[WhiteElo "2328"]
[BlackElo "2134"]
[PlyCount "66"]
[EventDate "2004.10.03"]
[EventType "team-tourn"]
[EventRounds "9"]
[EventCountry "GER"]
[SourceTitle "EXT 2009"]
[Source "ChessBase"]
[SourceDate "2008.11.26"]
[SourceVersion "1"]
[SourceVersionDate "2008.11.26"]
[SourceQuality "1"]
[WhiteTeam "Bad Bergzabern"]
[BlackTeam "Mainz"]
[WhiteTeamCountry "GER"]
[BlackTeamCountry "GER"]

1. d4 g6 2. e4 Bg7 3. c4 d6 4. Nf3 Nd7 5. Nc3 e5 6. Be2 Ne7 7. h4 exd4 8. Nxd4 Nc5 9. h5 f5 10. exf5 Nxf5 11. Nxf5 Bxf5 12. Be3 Qd7 13. h6 Be5 14. 0-0 0-0-0 15. Qd2 Kb8 16. Rac1 Qe7 17. Bg5 Bf6 18. Bxf6 Qxf6 19. Nd5 Qf7 20. b4 Ne4 21. Qd4 Rhe8 22. Bd3 Ng5 23. b5 Be4 24. f4 Bxd3 25. Qxd3 Ne4 26. g4 Qe6 27. Qe2 g5 28. fxg5 Qg6 29. Qg2 Nxg5 30. Nf6 Re3 31. Nh5 Qd3 32. Qd5 Qe2 33. Rf2 Nh3+ 0-1

[Event "Sofia Hemus op 20th"]
[Site "Sofia"]
[Date "2005.01.08"]
[Round "1.1"]
[White "Stojanov, Svetlin"]
[Black "Dulgerov, Konstantin"]
[Result "1-0"]
[WhiteElo "2360"]
[BlackElo "1930"]
[PlyCount "63"]
[EventDate "2005.01.08"]
[EventType "swiss"]
[EventRounds "6"]
[EventCountry "BUL"]
[SourceTitle "CBM 104 Extra"]
[Source "ChessBase"]
[SourceDate "2005.03.01"]
[SourceVersion "1"]
[SourceVersionDate "2005.03.01"]
[SourceQuality "1"]

1. c4 Nf6 2. Nc3 g6 3. d4 Bg7 4. e4 d6 5. Nf3 0-0 6. Be2 Nbd7 7. 0-0 c6 8. Be3 Qc7 9. Nd2 e5 10. d5 c5 11. Rb1 h5 12. b4 b6 13. a4 a6 14. f3 Kh7 15. a5 bxa5 16. bxc5 Nxc5 17. Nb3 Nfd7 18. Ra1 Nxb3 19. Qxb3 Bh6 20. Bf2 Bd2 21. Qc2 Bxc3 22. Qxc3 Nc5 23. Qxa5 Ra7 24. Bxc5 dxc5 25. Qxc7 Rxc7 26. Rfb1 Rd8 27. Rb6 Rdd7 28. Ra5 Bb7 29. Bd1 Rd8 30. Ba4 Rb8 31. Bc6 Kg7 32. Ra1 1-0

[Event "Oberliga Sued W 0405"]
[Site "Germany"]
[Date "2004.11.28"]
[Round "3.3"]
[White "Moeldner, Juergen"]
[Black "Stojanov, Svetlin"]
[Result "0-1"]
[WhiteElo "2216"]
[BlackElo "2328"]
[PlyCount "94"]
[EventDate "2004.10.03"]
[EventType "team-tourn"]
[EventRounds "9"]
[EventCountry "GER"]
[SourceTitle "EXT 2009"]
[Source "ChessBase"]
[SourceDate "2008.11.26"]
[SourceVersion "1"]
[SourceVersionDate "2008.11.26"]
[SourceQuality "1"]
[WhiteTeam "Landau"]
[BlackTeam "Bad Bergzabern"]
[WhiteTeamCountry "GER"]
[BlackTeamCountry "GER"]

1. d4 d6 2. Nf3 g6 3. c4 Bg7 4. Nc3 e5 5. e4 Bg4 6. d5 h5 7. Be2 Bxf3 8. Bxf3 h4 9. h3 Bh6 10. 0-0 Nf6 11. Rb1 a5 12. a3 Nbd7 13. b4 Bxc1 14. Qxc1 0-0 15. Nb5 axb4 16. axb4 Nh7 17. c5 dxc5 18. bxc5 Ng5 19. Rb3 b6 20. c6 Nc5 21. Re3 Ra4 22. Qb1 Qe7 23. Rfe1 Rfa8 24. Bg4 Ngxe4 25. Bd1 Ra1 26. Qb4 f5 27. Bc2 Rxe1+ 28. Qxe1 Re8 29. Qa1 Nd6 30. Nxc7 Qxc7 31. Rxe5 Kf7 32. f4 b5 33. Qe1 Nde4 34. Qxh4 Nf6 35. Qf2 Nfe4 36. Qd4 Qd6 37. g4 Nf6 38. c7 Qxc7 39. d6 Qd7 40. Qxc5 Rc8 41. Bb3+ Kf8 42. Qd4 Rc1+ 43. Kh2 Qc6 44. Re7 Qh1+ 45. Kg3 Rg1+ 46. Qxg1 Qxg1+ 47. Kh4 Ne4 0-1

[Event "Oberliga Sued W 0405"]
[Site "Germany"]
[Date "2004.10.24"]
[Round "1.2"]
[White "Stojanov, Svetlin"]
[Black "Hammes, Michael"]
[Result "0-1"]
[WhiteElo "2328"]
[BlackElo "2349"]
[PlyCount "152"]
[EventDate "2004.10.03"]
[EventType "team-tourn"]
[EventRounds "9"]
[EventCountry "GER"]
[SourceTitle "EXT 2009"]
[Source "ChessBase"]
[SourceDate "2008.11.26"]
[SourceVersion "1"]
[SourceVersionDate "2008.11.26"]
[SourceQuality "1"]
[WhiteTeam "Bad Bergzabern"]
[BlackTeam "Koblenz 25"]
[WhiteTeamCountry "GER"]
[BlackTeamCountry "GER"]

1. Nf3 d5 2. c4 e6 3. d4 Nf6 4. Nc3 Be7 5. cxd5 exd5 6. Bf4 c6 7. Qc2 Na6 8. e3 Nb4 9. Qb1 g6 10. Bd3 0-0 11. 0-0 Nxd3 12. Qxd3 Bf5 13. Qe2 Re8 14. Bg5 Bg4 15. h3 Bxf3 16. Qxf3 Ne4 17. Bxe7 Rxe7 18. Nxe4 Rxe4 19. Rab1 a5 20. Rfc1 Qd6 21. Rc3 f5 22. g3 Rf8 23. Qd1 g5 24. Qh5 Qf6 25. f4 gxf4 26. gxf4 Kh8 27. Kf2 Rg8 28. Rd3 Qg7 29. Qf3 Re6 30. Rdd1 Rg6 31. Ke2 Rg2+ 32. Kd3 Qe7 33. Rd2 R2g3 34. Qh1 Qxe3+ 35. Kc2 Rxh3 36. Re1 Qxd2+ 37. Kxd2 Rxh1 38. Rxh1 Re8 39. Rh5 Re4 40. Rxf5 Rxd4+ 41. Kc3 Rc4+ 42. Kd3 Kg7 43. Rg5+ Kf6 44. Rh5 Rxf4 45. Rxh7 Rb4 46. b3 Ke5 47. Kc3 Kd6 48. a3 Rb5 49. Rg7 Kc5 50. Rd7 Kb6 51. b4 axb4+ 52. axb4 c5 53. bxc5+ Rxc5+ 54. Kd3 Kc6 55. Rh7 Rc4 56. Rg7 b5 57. Rg8 Kc5 58. Rc8+ Kb4 59. Rd8 Rc1 60. Kd2 Rc5 61. Kd3 Kb3 62. Kd4 Rc1 63. Rb8 b4 64. Kxd5 Ka3 65. Kd4 b3 66. Ra8+ Kb2 67. Kd3 Rd1+ 68. Ke2 Rd7 69. Rb8 Kc2 70. Rc8+ Kb1 71. Rb8 b2 72. Ra8 Rd5 73. Re8 Ka2 74. Ra8+ Kb3 75. Rb8+ Kc3 76. Ke1 Rd4 0-1

[Event "Sofia Hemus op 13th"]
[Site "Sofia"]
[Date "2004.10.03"]
[Round "5"]
[White "Karakehajov, Kalin"]
[Black "Stojanov, Svetlin"]
[Result "1/2-1/2"]
[WhiteElo "2330"]
[BlackElo "2360"]
[PlyCount "37"]
[EventDate "2004.10.02"]
[EventType "swiss"]
[EventRounds "6"]
[EventCountry "BUL"]
[SourceTitle "CBM 102 Extra"]
[Source "ChessBase"]
[SourceDate "2004.11.03"]
[SourceVersion "1"]
[SourceVersionDate "2004.11.03"]
[SourceQuality "1"]

1. d4 Nf6 2. Nf3 c5 3. c3 cxd4 4. cxd4 d5 5. Nc3 Nc6 6. Bf4 a6 7. e3 Bg4 8. Be2 e6 9. 0-0 Bd6 10. Ne5 Bxe2 11. Nxc6 Bxd1 12. Nxd8 Rxd8 13. Bxd6 Rxd6 14. Rfxd1 Ke7 15. Na4 Rc6 16. Nc5 Nd7 17. Nd3 Rhc8 18. Rac1 Rc2 19. Kf1 1/2-1/2

[Event "Sofia op 2nd"]
[Site "Sofia"]
[Date "2004.04.03"]
[Round "3.4"]
[White "Orev, Petar"]
[Black "Stojanov, Svetlin"]
[Result "1/2-1/2"]
[WhiteElo "2340"]
[BlackElo "2360"]
[PlyCount "49"]
[EventDate "2004.04.03"]
[EventType "swiss"]
[EventRounds "6"]
[EventCountry "BUL"]
[SourceTitle "CBM 099 Extra"]
[Source "ChessBase"]
[SourceDate "2004.05.04"]
[SourceVersion "1"]
[SourceVersionDate "2004.05.04"]
[SourceQuality "1"]

1. e4 d6 2. d4 Nf6 3. f3 e5 4. dxe5 dxe5 5. Qxd8+ Kxd8 6. Bc4 Ke8 7. Bg5 c6 8. Nd2 Bc5 9. Ne2 Nbd7 10. 0-0-0 b5 11. Bb3 Bb6 12. a4 a6 13. axb5 axb5 14. Kb1 Nc5 15. Ba2 Ne6 16. Bxf6 gxf6 17. g4 Be3 18. Ng3 Nd4 19. c3 Be6 20. b3 Nc2 21. Nf5 Bc5 22. Kxc2 Rxa2+ 23. Kb1 Ra7 24. b4 Bb6 25. Ng7+ 1/2-1/2

[Event "FRA-chT2 0304"]
[Site "France"]
[Date "2003.11.16"]
[Round "3"]
[White "Stojanov, Svetlin"]
[Black "Starostits, Ilmars"]
[Result "0-1"]
[WhiteElo "2329"]
[BlackElo "2431"]
[PlyCount "80"]
[EventDate "2003.10.??"]
[EventType "team"]
[EventRounds "11"]
[EventCountry "FRA"]
[SourceTitle "EXT 2005"]
[Source "ChessBase"]
[SourceDate "2004.11.15"]
[SourceVersion "1"]
[SourceVersionDate "2004.11.15"]
[SourceQuality "1"]
[WhiteTeam "Reims"]
[BlackTeam "Bischwiller II"]
[WhiteTeamCountry "FRA"]
[BlackTeamCountry "FRA"]

1. Nf3 d5 2. d4 c6 3. c3 Nf6 4. Bf4 Nbd7 5. h3 g6 6. e3 Bg7 7. Be2 0-0 8. 0-0 b6 9. a4 a5 10. c4 Ba6 11. b3 c5 12. Na3 e6 13. Rc1 Qe7 14. Nb5 Bxb5 15. axb5 Ne4 16. dxc5 Ndxc5 17. Nd4 Qd7 18. Bh2 a4 19. f3 Bh6 20. Bf4 Bxf4 21. exf4 Ng3 22. Re1 Nxe2+ 23. Rxe2 Rfd8 24. Nc6 Nxb3 25. Rb1 Re8 26. cxd5 Qxd5 27. Qxd5 exd5 28. Ra2 d4 29. Kf2 d3 30. Rd1 a3 31. Ne5 d2 32. Nc4 Nd4 33. Rxa3 Re2+ 34. Kf1 Re1+ 35. Kf2 Rxd1 36. Rxa8+ Kg7 37. Nxd2 Rxd2+ 38. Ke3 Rd1 39. Rb8 Nf5+ 40. Ke2 Rd6 0-1